| 000 | 01168nam a2200325 i 4500 | ||
|---|---|---|---|
| 001 | bg | ||
| 003 | BPK | ||
| 005 | 20200630132816.0 | ||
| 008 | 990421s1983 pl a f f |000 0 pol | ||
| 015 | _aPB 1983/7230 | ||
| 020 | _a8301051442 | ||
| 040 |
_aWA N _cBPK |
||
| 041 | 0 | _apol | |
| 080 | _a621.3 | ||
| 080 | _a537.8 | ||
| 080 | _a(075.8) | ||
| 100 | 1 |
_aKrakowski, Maciej _d(1924-2004). |
|
| 245 | 1 | 0 |
_aElektrotechnika teoretyczna : _b[skrypt dla studentów wyższych szkół technicznych i wyższych zawodowych studiów technicznych na kierunku Elektrotechnika]. _nT. 1, _pObwody liniowe i nieliniowe / _cMaciej Krakowski. |
| 246 | 3 | 0 | _aObwody liniowe i nieliniowe |
| 250 | _aWyd. 3 popr. | ||
| 260 |
_aWarszawa : _bPańst. Wydaw. Naukowe, _c1983. |
||
| 300 |
_a645, [2] : _brys., wykr. ; _c24 cm. |
||
| 504 | _aBibliogr. s. 644-645. | ||
| 655 | 4 | _aPodręczniki akademickie | |
| 650 | 4 | _aObwód elektryczny | |
| 650 | 4 | _aPole elektromagnetyczne | |
| 710 | 2 |
_aPaństwowe Wydawnictwo Naukowe _4pbl. |
|
| 856 |
_uhttp://koha.tu.koszalin.pl/cgi-bin/koha/opac-detail.pl?biblionumber=1902 _yKatalog online BPK |
||
| 942 |
_2UKD _cKS |
||
| 999 |
_c1902 _d1902 |
||